Die deutsche Dichtung der Sudetenländer im Mittelalter
| Hlavný autor: | |
|---|---|
| Médium: | Článok |
| Jazyk: | nemčina |
| Fyzický popis: | [15] strán 25 cm |
MARC
| LEADER | 00000nab a22000007a 4500 | ||
|---|---|---|---|
| 001 | vtls011898503 | ||
| 003 | SK-MaSNL | ||
| 005 | 20260303095012.0 | ||
| 008 | 191107s1935 xo p r22 000 0 ger | ||
| 040 | |a SVKPO |b slo |c SVKPO |e AACR2 | ||
| 041 | 0 | |a ger | |
| 044 | |a xo |c SK | ||
| 100 | 1 | |a Gierach, Erich, |d 1881-1943 |4 aut |9 1107933 | |
| 245 | 1 | 4 | |a Die deutsche Dichtung der Sudetenländer im Mittelalter |c Erich Gierach |
| 300 | |a [15] strán |c 25 cm | ||
| 787 | 0 | 8 | |i Separátny výtlačok z: |t Das Sudetendeutschtum |d Brůnn, Verlag Rudolf M. Rohrer, [1935?] |c s. 191-205 |
| 999 | |c 1823337 |d 1825267 | ||


